000 00338nam a22001217a 4500
005 20251108175601.0
008 250721s1991 xx 000 0 ara d
100 1 _aشميل, شبلي
245 1 0 _aمباحث علمية واجتماعية /
264 1 _aبيروت :
_bدار الجيل،
_c1991.
942 _2ddc
_cBK
999 _c137538
_d137538